[Event "Hoogovens"]
[Site "Wijk aan Zee"]
[Date "1994.01.??"]
[Round "8"]
[White "Nikolic, Predrag"]
[Black "Sokolov, Ivan"]
[Result "1-0"]
[WhiteElo "2625"]
[BlackElo "2650"]
[Annotator "Konikowski,J"]
[PlyCount "71"]
[EventDate "1994.01.21"]
[EventType "tourn"]
[EventRounds "9"]
[EventCountry "NED"]
[EventCategory "14"]
[SourceTitle "CBM 040"]
[Source "ChessBase"]
[SourceDate "1994.06.01"]
[SourceVersion "1"]
[SourceVersionDate "1994.06.01"]
[SourceQuality "1"]

1. d4 {Ftacnik} Nf6 2. c4 e6 3. Nf3 c5 4. d5 b5 5. dxe6 fxe6 6. cxb5 Bb7 (6...
d5 7. Nc3 Bb7 8. e4 Be7 (8... dxe4 9. Qxd8+ Kxd8 10. Ne5 Ke8 11. Bf4 Bd6 12.
Rd1 Bd5 13. Ng6 hxg6 14. Bxd6 Nbd7 15. Be2 $16 {Ehlvest,J-Rogers,I/Tallinn/
1985/}) 9. exd5 exd5 10. Be2 O-O 11. O-O d4 12. Na4 Nd5 13. Bd2 Nd7 14. Rc1 Bf6
$2 (14... Rc8 $142) 15. Nxc5 Nxc5 16. Rxc5 Qd6 17. b4 $16 {Kummer,H-Cebalo,M/
Bled/1994/}) 7. g3 {Andere Pläne für Weiß:} (7. Nc3 Be7 8. e3 (8. Bg5 $5) 8...
O-O 9. Bd3 (9. Be2 $5) 9... d5 10. O-O Qd6 11. Re1 Nbd7 12. b3 $2 (12. h3 $142)
12... Ng4 13. h3 (13. Be2 Nde5 14. Nxe5 Nxf2 $1) 13... Nxf2 $1 14. Kxf2 Bh4+
15. Kg1 Rxf3 $1 16. Qxf3 Bxe1 17. Bb2 Rf8 18. Bxh7+ Kxh7 19. Qh5+ Kg8 20. Rxe1
Qg3 21. Re2 (21. Qe2 d4 22. exd4 Bxg2 $1 $19) 21... d4 22. exd4 Bf3 $19 {
Miles,A-Alburt,L/Philadelphia/1989/}) (7. Nbd2 Be7 8. g3 Qa5 9. Bg2 Qxb5 10.
O-O O-O 11. a4 $2 (11. b3 $142) 11... Qa6 12. b3 Ne4 13. Bb2 Nxd2 14. Qxd2 Be4
15. Qe3 Qb7 16. Rad1 (16. Rac1 $5) 16... a5 17. Ba3 Rc8 18. Ne1 Bxg2 19. Nxg2
Ra6 20. Nf4 Rb6 21. Rd3 Nc6 22. Bxc5 Bxc5 23. Qxc5 Nb4 24. Qxa5 Nxd3 25. Nxd3
Ra6 26. Nc5 Rxa5 27. Nxb7 Ra7 28. Nd6 Rc2 29. e4 Ra6 30. e5 Rb2 $19 {Browne,
W-Alburt,L/Chicago/1989/}) (7. Bg5 Qa5+ (7... Be7 $5) 8. Nc3 (8. Qd2 Qxb5 9. e4
Qc6 10. e5 Ne4 11. Qe3 h6 12. Bh4 g5 13. Bg3 Na6 14. a3 Nc7 15. Nfd2 Nxd2 16.
Nxd2 O-O-O 17. f3 h5 $1 18. Ne4 h4 19. Bf2 g4 $13 {Ivanenko-Arkhipkin,Moscow/
1986/}) 8... d5 (8... Ne4 $5) 9. e3 Nbd7 10. Bd3 Bd6 11. O-O Qc7 12. Bh4 O-O
13. Bg3 Bxg3 14. hxg3 Rae8 15. Rc1 e5 16. e4 d4 17. Na4 Nxe4 18. b4 Ndf6 19.
Nxc5 Nc3 $13 {Hertneck,G-Sokolov,I/Wien/1994/}) 7... Qb6 (7... Be7 8. Bg2 O-O
9. O-O a6 10. Nc3 (10. bxa6 Rxa6 11. Nc3 Nc6 12. e4 Qa8 {gibt Schwarz gute
Chancen}) 10... Nd5 11. Nxd5 Bxd5 12. bxa6 Rxa6 13. Ne5 Bxg2 14. Kxg2 $13 {
Gurevich,M-Alburt,L/New York/1989/}) 8. a4 a6 9. Na3 (9. bxa6 {Ftacnik} Nxa6
10. Bg2 Nb4 11. O-O d5 $44) 9... axb5 10. axb5 d5 $2 (10... Be7 {Ftacnik} 11.
Bg2 O-O 12. O-O d5 $14) 11. Bh3 $1 Ne4 (11... Nbd7 $5 12. O-O e5 13. b3 Bd6 14.
Bb2 e4 15. Ng5 Be5 16. Bxe5 Nxe5 17. Ne6 Kf7 $13) (11... Be7 {Ftacnik} 12. Ng5
$40) 12. O-O Nd7 (12... Be7 $5) 13. Nd2 Ndf6 14. Nxe4 Nxe4 15. Bg2 Nd6 (15...
Be7 16. Bxe4 dxe4 17. Be3 $1 (17. Nc4 Qxb5 18. Rxa8+ Bxa8 19. Nd6+ Bxd6 20.
Qxd6 Kf7 21. Rd1 Re8 {mit einigen Überlebenschancen}) 17... Kf7 (17... Rd8 {
Ftacnik} 18. Qb3 Bd5 19. Qc3 O-O 20. b4 cxb4 21. Bxb6 bxc3 22. Bxd8 Rxd8 23.
Rfc1 $16) (17... O-O 18. Qd7 Bd8 19. b4 $18) 18. b4 Qc7 19. bxc5 Bxc5 20. Bxc5
Qxc5 21. Qd7+ Qe7 22. Qxe7+ Kxe7 23. Nc4 Rxa1 24. Rxa1 Rc8 25. Ra7 Rxc4 26.
Rxb7+ Kf6 27. b6 Rc2 28. Kf1 Rb2 29. Rb8 $16) (15... Bd6 $4 {Ftacnik} 16. Bxe4
dxe4 17. Nc4 $18) 16. e4 $1 dxe4 (16... Nxe4 17. Bxe4 dxe4 18. Qh5+ g6 (18...
Ke7 19. Bg5+ Kd7 20. Qf7+ Kc8 21. Qe8+ Kc7 22. Bf4+ Bd6 23. Qe7+ $18) 19. Qe5
Rg8 20. Nc4 $18) 17. Bf4 Nf5 18. Re1 Rd8 19. Qa4 Ra8 20. Qd1 (20. Nc4 $5) 20...
Rd8 21. Qa4 Ra8 22. Qc4 Bd5 23. Qe2 Nd4 (23... Be7 24. Bxe4 O-O 25. Nc4 Bxc4 (
25... Qxb5 26. Bxd5 exd5 27. Rxa8 Rxa8 28. Qe6+ Kh8 29. Qxf5 Qxc4 30. Rxe7 Ra1+
31. Kg2 Qf1+ 32. Kf3 Qd1+ 33. Re2 Ra8 34. Qc2 $18) 26. Qxc4 Rxa1 27. Rxa1 Nd4
28. Bc6 Kh8 29. Ra6 Qd8 30. Ra7 $16) 24. Qh5+ g6 25. Qe5 Rg8 26. Bxe4 (26. Rxe4
$5 {Ftacnik} Bxe4 27. Qxe4 Ra7 28. Re1 $40) 26... Bg7 27. Qd6 Qxd6 28. Bxd6
Bxe4 29. Rxe4 Nf3+ $2 (29... Nxb5 $8 30. Rxe6+ Kd7 31. Re7+ Kc6 (31... Kxd6 32.
Rxg7 Nxa3 33. Rxg8 Rxg8 34. Rxa3 Rb8 35. b3 Re8 36. Kf1 Kd5 $132) 32. Be5 Bxe5
33. Rxe5 Nxa3 34. bxa3 Rge8 {mit Rettungschancen}) 30. Kg2 Bxb2 31. Ra2 Nd2 (
31... Rxa3 32. Rxb2 Ng5 33. Re5 Nf7 34. Rxe6+ Kd7 35. Bxc5 (35. Re7+ $5 Kxd6
36. Rxf7 h5 37. b6 c4 38. b7 Rb3 (38... Rb8 39. Rb6+ Kc5 40. Rxg6 c3 41. Rh6
Kc4 42. Rxh5 c2 43. Rc7+ Kd3 44. Rhc5 Ra2 45. Rd7+ Ke4 46. f3+ Ke3 47. Re5#)
39. Rxb3 cxb3 40. Rf3 $18) 35... Rxg3+ 36. hxg3 Kxe6 $16) (31... Bxa3 32. Bxc5
Ng5 (32... Nd2 {Ftacnik} 33. Rxe6+ Kf7 34. Re7+ Kf6 35. Rxa3 $18) 33. Ree2 Bxc5
34. Rxa8+ Kf7 35. Rxg8 Kxg8 36. Re5 Be7 37. b6 h6 38. b7 Bd6 39. Rc5 Kf7 40.
Rc6 Bb8 41. Rc8 $18) 32. Re2 Bc1 (32... Bxa3 {Ftacnik} 33. Raxd2 Kf7 34. b6 Bb4
35. Rd3 $18) 33. b6 Kd7 34. b7 Rxa3 (34... Kxd6 35. bxa8=Q Rxa8 36. Rexd2+ Bxd2
37. Rxd2+ $18 (37. Nc4+ $18 {Ftacnik})) 35. Rxa3 Bxa3 (35... Kxd6 {Ftacnik} 36.
Ra8 $18) 36. Rxd2 1-0

[Event "Lippstadt 11th"]
[Site "Lippstadt"]
[Date "2003.08.13"]
[Round "7"]
[White "Cyborowski, Lukasz"]
[Black "Brenke, Andreas"]
[Result "1-0"]
[WhiteElo "2550"]
[BlackElo "2404"]
[Annotator "Konikowski,J"]
[PlyCount "79"]
[EventDate "2003.08.07"]
[EventType "tourn"]
[EventRounds "11"]
[EventCountry "GER"]
[EventCategory "9"]
[SourceTitle "CBM 097"]
[Source "ChessBase"]
[SourceDate "2003.11.11"]
[SourceVersion "1"]
[SourceVersionDate "2003.11.11"]
[SourceQuality "1"]

1. Nf3 Nf6 2. c4 Nc6 3. d4 e6 4. a3 d6 5. Nc3 g6 6. e4 Bg7 7. Be2 O-O 8. O-O
Re8 9. d5 Ne7 (9... exd5 10. cxd5 Ne5 11. Nxe5 Rxe5 12. f3 a6 13. Be3 h6 14. f4
Re7 15. Bd4 Nd7 (15... Nxe4 16. Bxg7 Kxg7 17. Qd4+ Nf6 18. g4 Rxe2 19. Nxe2
Bxg4 20. Ng3 $14) 16. Bxg7 Kxg7 17. Qd4+ Kh7 18. Rae1 Qh8 19. Qf2 Nc5 20. Qh4
Re8 21. e5 Bf5 22. b4 $16 {De Jong,J-Chytilek,R/Olomouc 2003/}) 10. h3 c6 (
10... exd5 $5 11. cxd5 c6 $14) 11. dxc6 bxc6 12. e5 (12. Bf4 $5 e5 13. Bh2 $14)
12... dxe5 13. Nxe5 Nd7 $2 {[%mdl 8192]} (13... Nfd5 $142 14. cxd5 (14. Nxf7
Kxf7 15. cxd5 exd5 $11) (14. Nxc6 Nxc3 15. Nxd8 Nxd1 16. Rxd1 Ba6 $13) 14...
Bxe5 15. dxc6 Nxc6 16. Qa4 Bb7 $11) 14. Nxd7 Bxd7 15. Ne4 Rf8 16. Bg5 {[%cal
Ye3c5,Yg5e3,Yc1g5]} f6 17. Be3 e5 18. Bc5 f5 19. Nd6 Be6 20. Nb7 Qc7 21. Qd6
Qxd6 22. Bxd6 Kf7 23. b4 Rfc8 24. Rad1 Kf6 25. Rfe1 Re8 26. Bxe5+ $1 {[%mdl
512]} Kxe5 27. Bf3+ Kf6 28. Rd6 Nc8 29. Rxc6 Rb8 30. Nc5 Rb6 31. Nd7+ Kf7 32.
Nxb6 Nxb6 33. c5 Nd7 34. Rexe6 $1 Rxe6 35. Bd5 Nf8 36. Ra6 Bd4 37. Bxe6+ Nxe6
38. Rxa7+ Kf6 39. Rxh7 Ke5 40. Rd7 1-0

[Event "World Cup"]
[Site "Khanty-Mansiysk"]
[Date "2007.11.30"]
[Round "3.1"]
[White "Ivanchuk, Vassily"]
[Black "Nisipeanu, Liviu Dieter"]
[Result "1/2-1/2"]
[WhiteElo "2787"]
[BlackElo "2668"]
[Annotator "Krasenkow,M"]
[PlyCount "160"]
[EventDate "2007.11.24"]
[EventType "k.o."]
[EventRounds "7"]
[EventCountry "RUS"]
[SourceTitle "CBM 122"]
[Source "ChessBase"]
[SourceDate "2008.01.30"]
[SourceVersion "1"]
[SourceVersionDate "2008.01.30"]
[SourceQuality "1"]

{[%mdl 4]} 1. d4 Nf6 2. Nf3 c5 3. d5 e6 4. c4 b5 {The Blumenfeld Gambit is
Dieter's favorite opening.} 5. Bg5 exd5 6. cxd5 d6 (6... h6 7. Bxf6 Qxf6 8. Qc2
c4 9. a4 Bb4+ 10. Nc3 bxa4 11. Rxa4 a5 12. e3 O-O 13. Bxc4 {1/2-1/2 Postny,
E-Nisipeanu,L/Germany 2006/CBM 111(33)}) 7. e4 (7. e3 {is more careful.}) 7...
a6 8. Nbd2 Be7 {[%cal Rf6d5]} 9. Bf4 {This move looks quite strange but
otherwise Black is OK:} (9. Bxf6 Bxf6 10. Qc2 Nd7 11. Be2 O-O 12. O-O c4 13. a4
Rb8 14. axb5 axb5 15. Rfd1 Re8 16. Nf1 Nc5 $17 {0-1 Vegh,E-Nagy,H/Hungary 2005/
EXT 2006 (40)}) (9. a4 Nxd5 $5 (9... bxa4 10. Qxa4+ Bd7 11. Qc2 O-O 12. Bd3 h6
13. Bf4 Bg4 14. O-O Nh5 15. Bg3 $14 Nd7 $6 16. Bxa6 {1-0 Solcanean,
S-Tikhomirov,S/Techirghiol 1999/EXT 2004 (21)}) (9... O-O {is quite playable:}
10. Bxf6 (10. h4 bxa4 11. Rxa4 Nbd7 {[%csl Re1]}) 10... Bxf6 11. Qc2 Nd7 (11...
bxa4 $5 12. Rxa4 a5 13. Bd3 g6 14. O-O Na6 15. Bxa6 Bxa6 16. Nc4 Bb5 17. Ra2
Re8 $13 {0-1 Winkelmann,E-Hanley,J/London ENG 2007/The Week in Chess 663 (49)})
12. axb5 Rb8 13. bxa6 Rxb2 14. Qc1 Ne5 (14... Rb4 $5 15. Ra2 Nb6 $44) 15. Bc4
Qb6 $6 (15... Nxf3+ 16. Nxf3 Re8 17. e5 Bxe5 18. O-O $14 {Gutman}) 16. O-O Rb4
17. Nxe5 Bxe5 18. Ra2 Bf4 19. Bd3 $16 {1-0 Shalimov,V-Vovk,Y/Pardubice 2005/
CBM 107 ext/[Gutman] (28)}) 10. Bxe7 {This move brings White nothing;} (10.
exd5 {is equally harmless:} Bxg5 11. axb5 O-O 12. Be2 Bb7 13. O-O axb5 14. Rxa8
Bxa8 15. Bxb5 Bxd5 $17 {0-1 Tishin,D-Ovetchkin,R/Alushta 2004/CBM 103 (31)}) (
10. axb5 $5 {should be checked} Bxg5 $140 11. Nc4 $1) 10... Qxe7 11. axb5 O-O (
11... Nb6 12. bxa6 Bxa6 13. Qb3 Qc7 14. Bxa6 Rxa6 15. Rxa6 {1-0 Johner,
P-Havasi,K/Debrecen 1925/HCL}) (11... Nf6 12. Bd3 O-O 13. O-O Bb7 14. Re1 axb5
15. Rxa8 Bxa8 16. Bxb5 Nxe4 17. Qa4 $18 {1-0 Kirusha,A-Ivanov,S/Gatchina 2001/
EXT 2002 (33)}) (11... f5 $5 12. Nc4 Bb7 13. bxa6 $2 (13. e5 $1 $14) 13... fxe4
14. Nfe5 O-O 15. axb7 Rxa1 16. Qxa1 dxe5 $17 {0-1 Gralka,J-Krupa,M/Lubawka
2007/CBM 119 ext (39)}) 12. Bc4 (12. Be2 Nb4 13. O-O Bb7 14. bxa6 N8xa6 15. Nc4
Rad8 16. Nfd2 f5 $1 $15 {1-0 Bernal,G-Sanz,P/Villa Martelli 2004/CBM 103 ext 
(31)}) (12. bxa6 Nb4 13. Be2 f5 14. exf5 Rxa6 15. Rxa6 Bxa6 16. Kf1 Bb7 $40 {
0-1 Wu,L-Aagaard,J/Great Yarmouth ENG 2007/The Week in Chess 665 (39)}) 12...
Nb4 {Two other knight retreats are equally good:} (12... Nb6 13. O-O Be6 (13...
Bb7 14. Re1 Rd8 15. Bf1 axb5 16. Bxb5 Nc6 17. Rxa8 Bxa8 18. Nc4 Nxc4 19. Bxc4
Nb4 $11 {0-1 Huss,A-Malakhatko,V/Geneve SUI 2007/The Week in Chess 638 (52)})
14. b3 axb5 15. Rxa8 Nxa8 16. Bxb5 Qb7 17. Bd3 Nc7 $11 {1-0 Hillarp Persson,
T-Clausen,S/Copenhagen 1996/CBM 054 ext (56)}) (12... Nf4 $5 13. O-O Bb7 14.
Re1 (14. bxa6 Nxa6 15. g3 Nh3+ 16. Kg2 Ng5 17. Bd5 Nxf3 18. Qxf3 Nb4 19. Bxb7
Qxb7 20. Rxa8 Qxa8 21. Nc4 Qa6 22. Ne3 Nc6 23. Nf5 Qb6 {1/2-1/2 Klauser,
M-Cvitan,O/Switzerland 2007/CBM 117 ext}) 14... axb5 15. Rxa8 Bxa8 16. Bxb5 Nc6
17. Bf1 (17. Nc4 Rd8 18. Nb6 Ne5 19. Nxa8 Rxa8 20. Nxe5 Qxe5 21. Bc4 g5 22. g3
Ng6 23. Kg2 Kg7 $11 {1/2-1/2 Gupta,A-Krivoshey,S/Balaguer 2006/CBM 113 ext (42)
}) 17... Qf6 18. Nc4 (18. Qb3 $142 Rb8 19. Qc3 $11 {Ribli}) 18... Rd8 $15 {
0-1 Sargissian,G-Nisipeanu,L/Germany 2006/CBM 112/[Ribli] (29)}) 13. O-O Bb7
14. Re1 (14. bxa6 N8xa6 15. Re1 Nc7 16. Ra3 Ne6 $11 {0-1 Malyshev,V-Ghaem
Maghami,E/Abu Dhabi 2003/CBM 097/[Hecht] (40)} (16... Qf6 $11 {1/2-1/2 Dautov,
R-Volokitin,A/Germany 2004/CBM 100 (21)})) 14... Nd7 (14... axb5 15. Rxa8 Bxa8
16. Bxb5 N8c6 {1/2-1/2 Beliavsky,A-Cvitan,O/Celje 2004/CBM 103 ext}) 15. bxa6
Nxa6 16. Bf1 Nb6 17. Qb3 Nb4 $11 {1/2-1/2 Ghorbani,M-Ghaem Maghami,E/Teheran
2001/EXT 2002 (36)}) 9... O-O 10. a4 bxa4 (10... Re8 $143 11. Bd3 c4 12. Bc2
Bb7 13. O-O Nbd7 14. Nd4 Qb6 15. Be3 Nc5 16. Nf5 $14 {0-1 Sriram,J-Venkatesh,M/
Mumbai IND 2006/The Week in Chess 631 (50)}) 11. Bd3 $146 {[%mdl 8] An
original approach.} (11. Rxa4 Bd7 12. Ra2 (12. Ra3 $142) 12... a5 13. Bd3 Na6
14. Nc4 Nb4 15. Ra3 Bb5 16. b3 Re8 17. O-O Bf8 18. Re1 h6 {1/2-1/2 Thomas,
R-Casey,K/Australia 1995/EXT 1998 (49)}) 11... Bd7 {Black protects his a4 pawn
but how can he develop now?} (11... Nbd7 $5) 12. O-O Bb5 13. Qe2 Nbd7 (13...
Qb6 14. Nc4) (13... Qd7 14. Nc4 {[%cal Rc4b6]}) 14. Bxb5 axb5 15. Qxb5 Rb8 16.
Qd3 $1 Rb4 (16... Rxb2 17. Rxa4 {[%cal Yd2c4]} (17. Nc4 $5 Rb3 18. Qc2 Nb6 19.
Na5) 17... Nb6 18. Ra7 $14) 17. Nc4 Nb6 18. Nfd2 Qc7 19. Rfc1 Rd8 20. Ra2 h6
$14 {Black's position is quite solid but his e7 bishop is too passive.} 21. g3
({After} 21. Nxb6 Qxb6 22. Nc4 Qb5 23. Bd2 Rb3 24. Qc2 Ra8 {it is very
difficult for White to break through.}) 21... Nfd7 $6 {Black decides on an
active plan but it eventually leads to a loss of a pawn.} (21... g5 $6 22. Be3
Ng4 {was risky but}) (21... Qa7 {[%cal Ya7a6] was quite playable.}) 22. h4 Nxc4
23. Nxc4 Nb6 24. Bd2 Rb3 25. Bc3 Bf6 26. Nxb6 Qxb6 27. Rxa4 Bxc3 28. bxc3 $16 {
Of course, it is not easy for White to convert his extra pawn as Black will
carefully prevent e4-e5.} Re8 29. Rca1 Qd8 30. Qc2 $6 (30. Qf3 {was more
active. Black's best reaction is probably} Qe7 (30... Qf6 $6 31. Qxf6 gxf6 32.
Ra6 $5 (32. Ra8 $143 Kf8 33. Rxe8+ Kxe8) 32... Rxe4 33. Rxd6 Kg7 34. Raa6 Rxc3
35. Rxf6 $18) 31. Ra7 $140 Rb7) 30... Rb7 31. Ra7 Rxa7 32. Rxa7 Qf6 33. Qd3 g5
34. h5 Kg7 (34... g4 $142 $1) 35. Rd7 (35. Kg2 $1 g4 36. f4 $1 gxf3+ 37. Qxf3
$16) 35... g4 36. Qe3 (36. Qe2 Qf3 37. Qxf3 gxf3 38. Rxd6 Rxe4 39. Rc6 Rc4 40.
Kh2 Rxc3 41. g4 c4 42. Kg3 Rd3 43. d6 c3 44. Kf4 c2 {[%cal Rd3d6]} 45. Ke5 Rd2
$11) 36... Qe5 {This is now even simpler than} (36... Qf3) 37. Qe2 Qxe4 38.
Qxe4 Rxe4 39. Rxd6 Rc4 40. Kf1 Rxc3 41. Rc6 c4 42. d6 Rd3 (42... f5 $5 {
led to an immediate draw.}) 43. Rxc4 Rxd6 44. Rxg4+ {and Black easily held
this endgame:} Kh7 45. Kg2 Rd5 46. Rf4 Kg7 47. g4 Ra5 48. Kg3 Rb5 49. Rf5 Rb3+
50. f3 Ra3 51. Re5 Rb3 52. Kf4 Ra3 53. Ke4 Ra4+ 54. Kf5 Ra3 55. f4 Rh3 56. Ra5
Rh2 57. Ra1 Rh4 58. Rg1 Rh2 59. Ke4 Rh3 60. Rg2 Kh7 61. Re2 Kg7 62. Re1 Kf6 63.
Re3 Rh1 64. Kf3 Kg7 65. Kg2 Ra1 66. Re5 Ra2+ 67. Kg3 Ra3+ 68. Kf2 Rh3 69. Kg2
Rh4 70. Kg3 Rh1 71. Re2 Rg1+ 72. Rg2 Rh1 73. Rh2 Ra1 74. g5 hxg5 75. h6+ Kg6 $5
76. fxg5 (76. h7 $4 Ra3+ 77. Kg2 Ra2+ 78. Kg1 Rxh2 79. Kxh2 Kxh7 80. fxg5 Kg6
$19) 76... Ra8 (76... Kxg5 $5 77. h7 Ra3+ 78. Kg2 Ra2+ $11) 77. Kg4 Ra4+ 78.
Kf3 Ra8 79. Rg2 f6 80. gxf6+ Kxf6 1/2-1/2

[Event "EU-Cup 24th"]
[Site "Kallithea"]
[Date "2008.10.21"]
[Round "5"]
[White "Gelfand, Boris"]
[Black "Nisipeanu, Liviu Dieter"]
[Result "1/2-1/2"]
[WhiteElo "2719"]
[BlackElo "2684"]
[Annotator "Krasenkow,M"]
[PlyCount "43"]
[EventDate "2008.10.17"]
[EventType "team-swiss"]
[EventRounds "7"]
[EventCountry "GRE"]
[SourceTitle "CBM 127"]
[Source "ChessBase"]
[SourceDate "2008.11.13"]
[SourceVersion "1"]
[SourceVersionDate "2008.11.13"]
[SourceQuality "1"]
[WhiteTeam "Erevan MIKA"]
[BlackTeam "Baden-Baden"]
[WhiteTeamCountry "ARM"]
[BlackTeamCountry "GER"]

1. d4 Nf6 2. c4 e6 3. Nf3 c5 4. d5 b5 5. Bg5 b4 6. a3 {A logical move
immeadiately undermining Black's queenside structure.} a5 $146 {[%mdl 8] GM
L-D.Nisipeanu attempts to improve on his own game against Ivanchuk:} (6... h6
7. Bh4 a5 (7... Qb6 8. Bxf6 gxf6 9. e4 Na6 10. Nbd2 Bg7 11. Rb1 bxa3 12. bxa3
Qa5 13. Qc1 O-O 14. Bd3 d6 15. O-O Bd7 16. Rb7 Ba4 $14 {0-1 Magerramov,E (2500)
-Nikolaev,S (2345)/Budapest 1990/CBM 017 ext (24)}) (7... exd5 8. cxd5 Bb7 9.
axb4 cxb4 10. Qd4 (10. Nbd2 $1 g5 11. Bg3 Bxd5 12. e4 $44) 10... g5 11. Bg3
Bxd5 12. Rxa7 Rxa7 13. Qxa7 Nc6 14. Qe3+ Qe7 15. Qxe7+ Kxe7 16. e3 Bg7 17. Nbd2
Ra8 $17 {0-1 Lautier,J (2638)-Koch,J (2510)/Besancon 1999/CBM 073 (39)}) 8.
axb4 cxb4 9. Nd4 Be7 (9... Bc5 10. Nb3 $1) 10. Nb5 d6 11. c5 O-O 12. dxe6 dxc5
13. exf7+ Kxf7 14. Nd2 Kg8 15. e3 Ng4 16. Bg3 Bh4 17. Ne4 Bxg3 18. hxg3 Nc6 19.
Qxd8 Rxd8 20. Nxc5 $16 {1-0 Ivanchuk,V (2787)-Nisipeanu,L (2668)/
Khanty-Mansiysk 2007/CBM 122 (38)}) 7. axb4 cxb4 8. Nd4 $5 (8. Qd4 h6 9. Bh4 d6
10. Nbd2 Be7 $11) 8... Bc5 {This is the difference!} 9. e3 (9. Nb3 $4 {is now
impossible due to} Bxf2+) 9... exd5 10. cxd5 O-O 11. Nb3 d6 12. N1d2 (12. Nxc5
dxc5 13. Bc4 Nbd7 {[%cal Rd7b6] White has a better pawn structure but he can't
consolidate his position due to Black's development advantage.}) 12... Nbd7 13.
Bb5 h6 14. Bh4 Qb6 15. Be2 (15. Bc6 Ba6 $1 16. Bxa8 Bxe3 $1) 15... Bb7 (15...
Ba6 $5) 16. Nc4 Qc7 17. Ncxa5 Bxd5 18. O-O Ra7 19. Bf3 Bxf3 20. Qxf3 Rfa8 21.
Nc4 Rxa1 22. Nxa1 (22. Nxa1 d5 23. Nb3 Ne4 {and Black is by no means worse.})
1/2-1/2

[Event "Moscow Aeroflot op-A"]
[Site "Moscow"]
[Date "2007.02.18"]
[Round "5"]
[White "Ehlvest, Jaan"]
[Black "Alekseev, Evgeny V"]
[Result "0-1"]
[WhiteElo "2610"]
[BlackElo "2661"]
[Annotator "Krasenkow,M"]
[PlyCount "72"]
[EventDate "2007.02.14"]
[EventType "swiss"]
[EventRounds "9"]
[EventCountry "RUS"]
[SourceTitle "CBM 117"]
[Source "ChessBase"]
[SourceDate "2007.03.30"]
[SourceVersion "1"]
[SourceVersionDate "2007.03.30"]
[SourceQuality "1"]

1. d4 Nf6 2. c4 e6 3. Nf3 c5 4. d5 b5 {See review by GM M.Marin on the
Blumenfeld gambit in CBM 116.} 5. dxe6 fxe6 6. cxb5 d5 7. Nc3 {According to M.
Marin - the most dangerous move. But...} Nbd7 {Anticipating e2-e4 and
preparing an appropriate reaction.} (7... Bb7 8. e4 $1) 8. e4 (8. g3 d4 9. Na4
a6 (9... Qa5+ 10. Bd2 Qxb5 11. Bg2 Bb7 12. b4 Ne4 $6 13. Nxc5 Ndxc5 14. bxc5
Nc3 15. Bxc3 dxc3 16. Rb1 Qa5 17. O-O $16 {1-0 Atalik,S-Erdogan,H/Istanbul
2006/CBM 111 ext (23)}) 10. bxa6 Rxa6 11. b3 e5 12. Bh3 e4 13. Ng5 Qe7 14. Ba3
$6 (14. f3 $5) 14... h6 15. Bxc5 Nxc5 16. Bxc8 Rc6 17. Bf5 hxg5 18. Qxd4 Qd6
19. Bg6+ Ke7 20. Qxd6+ Kxd6 21. Nb2 Ke6 $17 {1-0 Blees,A-Knoppert,E/Dieren
1987/EXT 2002 (57)}) (8. Bg5 $5 Be7 (8... d4 $5 9. Ne4 a6) 9. e3 Bb7 10. Be2
O-O 11. O-O Qe8 12. Bf4 Kh8 13. Ne5 Nxe5 14. Bxe5 Nd7 15. Bg3 Bf6 16. Rc1 $14 {
0-1 Alexeev,A-Peresipkin,V/Kaliningrad 1972/EXT 2001 (47)}) 8... d4 9. e5 Ng4 {
[%csl Re5] That's the point - the e5 pawn is hanging!} 10. Ne4 Bb7 $5 $146 {
[%mdl 8]} (10... Ngxe5 {, played in several games, is premature:} 11. Nxe5 Nxe5
12. Qh5+ Nf7 13. Nxc5 $1 (13. Ng5 Qf6 14. Bc4 $6 (14. Nxh7 $5) 14... g6 15. Qg4
$6 (15. Nxh7 Qxf2+ 16. Kxf2 gxh5 $13) 15... Qe5+ (15... Ne5 $142) 16. Kd1 Nxg5
17. Bxg5 Qf5 18. Qg3 $36 {0-1 Silva,S-Chomet,P/Argenteuil 1997/CBM 062 ext (24)
}) 13... Qf6 (13... g6 14. Qf3 Bxc5 15. Qc6+ Qd7 16. Qxc5 Bb7 17. f3 Rc8 18.
Qa3 Qd5 19. Bd3 $14 Nd6 20. O-O O-O 21. Bh6 $16 {1-0 Gyimesi,Z-Csiszar,C/Pecs
1998/EXT 2000 (32)}) (13... Bxc5 14. Qxc5 Bb7 15. b6 a6 16. Bf4 $16 {1-0 Genov,
P-Manolov,I/Plovdiv 1999/CBM 070 ext (43)}) (13... Qb6 14. Nb3 Bb7 15. Qg4 Bd5
16. Bd2 g6 17. Rc1 Bg7 18. h4 O-O 19. h5 Ne5 20. Qg3 {1-0 Hoeksema,H-Lemmers,O/
Enschede 1992/EXT 1997 (39)}) (13... Bd7 14. b4 $16) 14. Be2 Rb8 15. f4 Be7 16.
Bd2 O-O 17. Rc1 e5 18. Bd3 $2 (18. O-O $142) 18... g6 19. Qe2 Bxc5 20. Rxc5 Re8
(20... e4 21. Bc4 (21. Bxe4 Re8 $17) 21... e3 22. Bb4 $36) 21. O-O e4 22. Rc6 (
22. Bc4 $1) 22... Qf5 23. Re1 $14 {1/2-1/2 Perez,J-Ford,K/ICCF Email 2001/ICCF
Telechess CBM 98 (32)}) 11. Qe2 $6 {A strangely looking move.} (11. Nfg5 {
was probably the most attractive way to fight for the opening advantage. Here
is a possible line:} Ngxe5 (11... Ndxe5 12. f4 Bxe4 13. Nxe4 Qd5 14. Nf2 Nxf2
15. Kxf2 Ng6 16. Qc2 $16 {White dominates on the light squares.}) 12. f4 h6 13.
Qh5+ (13. Nxe6 Qe7 14. Nc7+ Kd8 15. Nxa8 Ng6) 13... g6 14. Qh3 $36) 11... Bd5 {
A solid positional move.} (11... Ngxe5 $5 {was possible, too:} 12. Nxe5 Nxe5
13. Ng5 (13. Qh5+ Nf7 14. Nxc5 Bxc5 15. Qxc5 Rc8 16. Qxa7 Qd5 $44) 13... Qd5
14. f4 h6 15. Nxe6 Qxe6 16. Qxe5 Qxe5+ 17. fxe5 O-O-O $132) 12. Nxd4 cxd4 13.
Qxg4 Nxe5 14. Qh5+ Ng6 15. Bd3 {White has managed to develop his kingside,
keeping an extra pawn. However, Black now deprives him of castling:} Bb4+ 16.
Ke2 Qc7 17. a3 $2 {Losing a crucial tempo.} (17. Rd1 {was logical as Black
could not play} O-O $2 (17... Be7 $1 {is correct anyway:} 18. Kf1 O-O 19. Ng5
Bxg5 20. Bxg5 e5 21. Bxg6 hxg6 22. Qxg6 Qd7 $132) {due to} 18. Ng5) 17... Be7
18. Bd2 O-O $1 {This is now possible. Both White's king and queen are now in
danger.} 19. Rhc1 Qb7 20. f3 Rf5 21. Qh3 Ne5 22. a4 Nxd3 23. Kxd3 a6 $1 24. Qg3
e5 25. Ba5 Bxe4+ 26. fxe4 Rf4 27. Qe1 axb5 {The material balance is restored
but the white king is helpless.} 28. Bd2 Rff8 29. a5 b4 30. b3 Qb5+ (30... Rfc8
$5) 31. Rc4 Rxa5 32. Rxa5 Qxa5 33. Qc1 (33. Bxb4 Bxb4 34. Qxb4 Qa1 35. Qd2 Rf1
$1 36. Ra4 (36. Rc8+ Kf7 37. Rc7+ Ke8 $19) 36... Qb1+ 37. Kc4 Qxe4 $19) 33...
Qa6 34. Qd1 h6 35. Qg4 Kh7 36. Qd7 Qa2 0-1